[Event "Hillerod Byturnering E"]
[Site "Hillerod"]
[Date "2016.05.17"]
[Round "3"]
[White "Holm, Erik"]
[Black "Jensen, Morten Munkholm"]
[Result "0-1"]
[WhiteElo "1368"]
[BlackElo "1401"]
[PlyCount "70"]
[EventDate "2016.04.26"]
[EventType "swiss"]
[EventRounds "7"]
[EventCountry "DEN"]
[SourceTitle "EXT 2024"]
[Source "ChessBase"]
[SourceDate "2023.10.10"]
[SourceVersion "1"]
[SourceVersionDate "2023.10.10"]
[SourceQuality "1"]

1. e4 e5 2. Nf3 Nc6 3. Bb5 a6 4. Ba4 Nf6 5. 0-0 Be7 6. Re1 0-0 7. Nc3 b5 8. Bb3 d6 9. a3 Bg4 10. h3 Bxf3 11. Qxf3 Nd4 12. Qg3 Nxb3 13. cxb3 c6 14. d3 Kh8 15. Be3 Qc7 16. Rac1 Rad8 17. b4 d5 18. d4 Nxe4 19. Nxe4 dxe4 20. dxe5 Rd5 21. Bf4 Rd3 22. Re3 Qd7 23. Rc3 Rd1+ 24. Kh2 Rb1 25. Qg4 Qxg4 26. hxg4 Rc8 27. Rb3 c5 28. bxc5 Bxc5 29. Rec3 Rd1 30. Rb4 Rdd8 31. Rxe4 Bxf2 32. Rxc8 Rxc8 33. Re2 Bd4 34. Rd2 Bc5 35. Rc2 Bg1+ 0-1